LEADER 00797nam0-22002891i-450- 001 990000040650403321 035 $a000004065 035 $aFED01000004065 035 $a(Aleph)000004065FED01 035 $a000004065 100 $a20011111d--------km-y0itay50------ba 101 0 $aita 105 $ay-------001yy 200 1 $a<>AUTOSTRADA adriatica 210 $as.l.$cs.e.$d<1974> (Roma$cArte della stampa) 215 $a184 p.$cill.$d25 cm 225 1 $aQuaderni di "Autostrade"$v23 610 0 $aAutostrade e paesaggio$aAutostrada adriatica 676 $a388.12 801 0$aIT$bUNINA$gRICA$2UNIMARC 901 $aBK 912 $a990000040650403321 952 $a13 E 45 01$b30057$fFINBC 959 $aFINBC 996 $aAUTOSTRADA adriatica$9106437 997 $aUNINA DB $aING01 LEADER 00863cam0-22003131i-450- 001 990004233640403321 005 20070906140118.0 010 $a2-86847-157-9 035 $a000423364 035 $aFED01000423364 035 $a(Aleph)000423364FED01 035 $a000423364 100 $a19990604d1995----km-y0itay50------ba 101 0 $afre 102 $aFR 105 $ay-------101yy 200 1 $aGinguené$eidéologie et médiateur$ftextes réunis par Edouard Guitton 210 $aRennes$cPresses Universitaires de Rennes$d1995 215 $a292 p.$d21 cm 610 0 $aGinguené, Pierre Louis$aCongressi$a1992 676 $a848.609 702 1$aGuitton,$bEdouard 801 0$aIT$bUNINA$gRICA$2UNIMARC 901 $aBK 912 $a990004233640403321 952 $aP.3 B 14972$fFLFBC 959 $aFLFBC 996 $aGinguené$9482428 997 $aUNINA